Szczegóły MARC21

ADR w spedycji i magazynie : składowanie i przewóz materiałów niebezpiecznych /

003 -Nazwa inst., której nr kontr. jest w polu 001 [,]
    • @
    • Nazwa instytucji, której n kontrolny jest w polu 001
    • NUKAT
005 -DATA I CZAS OSTATNIEJ MODYFIKACJI [,]
    • @
    • pole kontrolne
    • 20241231111641.0
020 -Międzynarod. znormalizowany nr książki - ISBN [ , ]
    • z
    • Błędny ISBN (P)
    • 97883621670801 Find
020 -Międzynarod. znormalizowany nr książki - ISBN [ , ]
    • a
    • Numer ISBN
    • 8362167084 Find
040 -Instytucja sporządzająca opis [ , ]
    • a
    • Instytucja, która sporządziła opis (NP)
    • GL 001/FAN
    • b
    • Język katalogowania
    • pol
    • e
    • Zasady katalogowania
    • rda
    • c
    • Instytucja, która sporządziła rekord (NP)
    • GL 001/FANs
    • d
    • Instytucja, która zmodyfikowała rekord (P)
    • GL 001/FAK
    • d
    • Instytucja, która zmodyfikowała rekord (P)
    • GL 001/FAN
942 -Rodzaj dokumentu [ , ]
    • c
    • Rodzaj dokumentu
    • Książka
100 -Hasło główne - nazwa osobowa [1, ]
    • a
    • Nazwa osobowa (NP)
    • Janczak, Andrzej
    • c
    • Dopowiedzenie inne niż daty biograficzne (P)
    • (nauki wojskowe).
    • e
    • Rodzaj współpracy
    • Autor
    • 9
    • KHW
    • 78575
245 -Strefa tytułu i oznaczenia odpowiedzialności [1,0]
    • a
    • Tytuł
    • ADR w spedycji i magazynie : Find
    • b
    • Ciąg dalszy tytułu (NP)
    • składowanie i przewóz materiałów niebezpiecznych / Find
    • c
    • Pozostałe elementy strefy tytułu i oznaczenia odpowiedzialności (NP)
    • Andrzej Janczak.
250 -Strefa wydania [ , ]
    • a
    • Oznaczenie wydania (NP)
    • Wydanie II.
260 -Strefa adresu wydawniczego [ , ]
    • a
    • Miejsce wydania (P)
    • Warszawa :
    • b
    • Nazwa wydawcy (P)
    • Zacharek - Dom Wydawniczy,
    • c
    • Data wydania (P)
    • copyright © 2011.
300 -Strefa opisu fizycznego [ , ]
    • a
    • Określenie formy książki i/lub objętość (NP)
    • 240 stron :
    • b
    • Oznaczenie ilustracji (NP)
    • ilustracje (w tym kolorowe) ;
    • c
    • Format (NP)
    • 21 cm.
336 -Typ zawartości [ , ]
    • a
    • Termin opisujący typ zawartości
    • Tekst
    • b
    • Kod określający zawartość
    • txt
    • 2
    • Źródło (terminu i kodu)
    • rdacontent
337 -Typ mediów [ , ]
    • a
    • Tryb odtwarzania
    • Bez urządzenia pośredniczącego
    • b
    • Kod typu mediów
    • n
    • 2
    • Źródło (terminu i kodu)
    • rdamedia
338 -Typ/rodzaj nośnika [ , ]
    • a
    • Hasło opisujące typ nośnika
    • Wolumin
    • b
    • Kod typu nośnika
    • nc
    • 2
    • Źródło (terminu i kodu)
    • rdacarrier
490 -Strefa serii i książki wielotomowej - forma nie do wyszukiwania [1, ]
    • a
    • Tytuł (P)
    • Vademecum BHP w Praktyce Find
830 -Hasło dodatkowe serii i opisu książki wielotomowej - tytuł ujednolicony/tytuł [ ,0]
    • a
    • Tytuł ujednolicony/tytuł (NP)
    • Vademecum BHP w Praktyce
    • 9
    • KHW
    • 78577
500 -Uwaga ogólna [ , ]
    • a
    • Uwaga ogólna (NP)
    • Na okładce: Aktualny stan prawny.
500 -Uwaga ogólna [ , ]
    • a
    • Uwaga ogólna (NP)
    • Na stronie redakcyjnej błędny ISBN.
504 -Uwaga dot. bibliogr. załącznikowej [ , ]
    • a
    • Uwaga dot. bibliografii załącznikowej
    • Bibliografia na stronie 238.
521 -Uwaga dot. przeznaczenia czytelniczego [8, ]
    • a
    • Uwaga dot. przeznaczenia czytelniczego
    • Opracowanie jest skierowane przede wszystkim do osób uczestniczących w pocesie magazynowania i spedycji towarów niebezpiecznych.
080 -Uniwersalna Klasyfikacja Dziesiętna [ , ]
    • 2
    • Identyfikator wydania tablic
    • UDC-P058
    • 9
    • UKD
    • 5542
    • a
    • Symbol klasyfikacji
    • 656.073.436
    • b
    • Dopowiedzenie
    • Transport materiałów niebezpiecznych.
080 -Uniwersalna Klasyfikacja Dziesiętna [ , ]
    • 2
    • Identyfikator wydania tablic
    • UDC-P058
    • 9
    • UKD
    • 5643
    • a
    • Symbol klasyfikacji
    • 658.78
    • b
    • Dopowiedzenie
    • Zarządzanie zapasami. Gospodarka magazynowa. Spedycja.
080 -Uniwersalna Klasyfikacja Dziesiętna [ , ]
    • 2
    • Identyfikator wydania tablic
    • UDC-P058
    • 9
    • UKD
    • 3363
    • a
    • Symbol klasyfikacji
    • 341.12(4-67)
    • b
    • Dopowiedzenie
    • Prawo Unii Europejskiej.
080 -Uniwersalna Klasyfikacja Dziesiętna [ , ]
    • 2
    • Identyfikator wydania tablic
    • FID 607
    • 9
    • UKD
    • 64224
    • a
    • Symbol klasyfikacji
    • 347.763
    • b
    • Dopowiedzenie
    • Umowy dotyczące transportu, przewozów, komunikacji.
650 -Hasło przedmiotowe [ ,7]
    • a
    • Hasło przedmiotowe
    • Substancje niebezpieczne
    • x
    • Określnik rzeczowy
    • transport
    • x
    • Określnik rzeczowy
    • środki bezpieczeństwa.
    • 2
    • Źródło terminu
    • kaba
    • 9
    • KHW
    • 387731
650 -Hasło przedmiotowe [ ,7]
    • a
    • Hasło przedmiotowe
    • Transport drogowy
    • x
    • Określnik rzeczowy
    • środki bezpieczeństwa.
    • 2
    • Źródło terminu
    • kaba
    • 9
    • KHW
    • 387730
650 -Hasło przedmiotowe [ ,7]
    • a
    • Hasło przedmiotowe
    • Substancje niebezpieczne
    • x
    • Określnik rzeczowy
    • magazynowanie
    • x
    • Określnik rzeczowy
    • środki bezpieczeństwa.
    • 2
    • Źródło terminu
    • kaba
    • 9
    • KHW
    • 387732
980 -Symbol UKD [ , ]
    • a
    • UKD
    • 656.073.436:658.78:341.12(4-67):347.763
710 -Hasło dodatkowe - nazwa ciała zbiorowego [2, ]
    • a
    • Nazwa ciała zbiorowego lub nazwa geograficzna jako pierwszy element (NP)
    • Zacharek Dom Wydawniczy.
    • e
    • Rodzaj współpracy
    • Wydawca
    • 4
    • Kod relacji
    • pbl
    • 9
    • KHW
    • 78576
920 -ISBN [ , ]
    • z
    • Błędny ISBN
    • 978-83-62167-08-01 Find
920 -ISBN [ , ]
    • a
    • ISBN
    • 83-62167-08-4 Find
Sygnatura Lokalizacja Data inwentaryzacji Status udost. Numer inwentarzowy
T.18411T2014-10-13-6T.18411